Normal view
MARC view
- الشرعة، عبلة سالم تأليف/السمارات، ياسمين داوود م.مشارك
Entry Personal Name
001 - CONTROL NUMBER
- control field: 43193
003 - CONTROL NUMBER IDENTIFIER
- control field: JO-AjAnu
005 - DATE AND TIME OF LATEST TRANSACTION
- control field: 20230606081148.0
008 - FIXED-LENGTH DATA ELEMENTS
- fixed length control field: 230606|| aca||aabn | a|a d
040 ## - CATALOGING SOURCE
- Original cataloging agency: JO-AjAnu
- Transcribing agency: JO-AjAnu
100 ## - HEADING--PERSONAL NAME
- Personal name: الشرعة، عبلة سالم تأليف/السمارات، ياسمين داوود م.مشارك
670 ## - SOURCE DATA FOUND
- Source citation: Work cat.: (JO-AjAnu)22120: الشرعة، عبلة سالم تأليف/السمارات، ياسمين داوود م.مشارك, author, مدخل إلى الشعر العربي القديم